English furniture styles from 1500 to 1830 (Record no. 95856)

MARC details
000 -LEADER
fixed length control field 00454cam a2200181 4500
001 - CONTROL NUMBER
control field D3687
008 - FIXED-LENGTH DATA ELEMENTS--GENERAL INFORMATION
fixed length control field 090401t1955 xxu||||| |||| 00| 0 eng d
035 ## - SYSTEM CONTROL NUMBER
System control number (Sirsi) u74459
041 ## - LANGUAGE CODE
Language code of text/sound track or separate title eng
050 ## - LIBRARY OF CONGRESS CALL NUMBER
Classification number 749.22
100 ## - MAIN ENTRY--PERSONAL NAME
Personal name Fastnedge, Ralph
245 ## - TITLE STATEMENT
Title English furniture styles from 1500 to 1830
260 ## - PUBLICATION, DISTRIBUTION, ETC.
Place of publication, distribution, etc. Harmondsworth, Middx
Name of publisher, distributor, etc. Penguin Books
Date of publication, distribution, etc. 1955
300 ## - PHYSICAL DESCRIPTION
Extent xxii. 320p. ill. 18cm
350 ## - PRICE (NR) (BK AM CF MU VM SE) [OBSOLETE]
Price 0.63
942 ## - ADDED ENTRY ELEMENTS (KOHA)
Suppress in OPAC 0
948 ## - LOCAL PROCESSING INFORMATION (OCLC); SERIES PART DESIGNATOR (RLIN)
c (OCLC) 04/03/1997
Holdings
Withdrawn status Lost status Source of classification or shelving scheme Damaged status Not for loan Home library Current library Shelving location Date acquired Cost, normal purchase price Total Checkouts Full call number Barcode Date last seen Copy number Cost, replacement price Price effective from Koha item type
    Dewey Decimal Classification     London London Books 14/09/1999 0.63   749.22 30021145 06/08/2019 1 0.63 06/08/2019 Book